Less Known World Capitals Quiz - Statistics

General Stats
  • This quiz has been taken 22 times
  • The average score is 42 of 58
Answer Stats
Country Capital City % Correct
Paraguay Asunción
100%
Lithuania Vilnius
100%
Moldova Chișinău
94%
Angola Luanda
94%
Nicaragua Managua
94%
Montenegro Podgorica
94%
Nigeria Abuja
89%
Ethiopia Addis Ababa
89%
Brunei Bandar Seri Begawan
89%
Senegal Dakar
89%
Democratic Republic of the Congo Kinshasa
89%
Ghana Accra
83%
Republic of the Congo Brazzaville
83%
Zimbabwe Harare
83%
Uganda Kampala
83%
Myanmar Naypyidaw
83%
Sri Lanka Sri Jayawardenepura Kotte
83%
Fiji Suva
83%
Cameroon Yaoundé
83%
Sudan Khartoum
78%
Rwanda Kigali
78%
Gabon Libreville
78%
Somalia Mogadishu
78%
Liberia Monrovia
78%
Suriname Paramaribo
78%
Benin Porto-Novo / Cotonou
78%
Central African Republic Bangui
72%
Tanzania Dodoma
72%
Botswana Gaborone
72%
Mozambique Maputo
72%
Chad N'Djamena
72%
Kiribati South Tarawa
72%
Namibia Windhoek
72%
Eritrea Asmara
67%
Mali Bamako
67%
Guinea Conakry
67%
Tuvalu Funafuti
67%
Malawi Lilongwe
67%
Togo Lomé
67%
Niger Niamey
67%
Burkina Faso Ouagadougou
67%
Honduras Tegucigalpa
67%
Samoa Apia
61%
Gambia Banjul
61%
Solomon Islands Honiara
61%
Zambia Lusaka
61%
Marshall Islands Majuro
61%
Mauritania Nouakchott
61%
Federated States of Micronesia Palikir
61%
Nauru Yaren
61%
Burundi Gitega
56%
Equatorial Guinea Malabo
56%
Palau Ngerulmud
56%
Lesotho Maseru
50%
Eswatini Mbabane
50%
Comoros Moroni
50%
Tonga Nukuʻalofa
50%
Ivory Coast Yamoussoukro
50%
No matching quizzes found
Score Distribution
Percent of People with Each Score
Percentile by Number Answered
Your Score History
You have not taken this quiz